Mechanics of materials (in SI units) (Record no. 197760)

MARC details
000 -LEADER
fixed length control field 00443nam a2200157Ia 4500
005 - DATE AND TIME OF LATEST TRANSACTION
control field 20250120110303.0
008 - FIXED-LENGTH DATA ELEMENTS--GENERAL INFORMATION
fixed length control field 231217s9999 xx 000 0 und d
020 ## - INTERNATIONAL STANDARD BOOK NUMBER
International Standard Book Number 9780070153899
082 ## - DEWEY DECIMAL CLASSIFICATION NUMBER
Classification number 620.112 BEE;43
100 ## - MAIN ENTRY--PERSONAL NAME
Personal name Beer, Ferdinand P. Johnston, E Russell. Dewolf, John T ...[et al.]
245 #0 - TITLE STATEMENT
Title Mechanics of materials (in SI units)
250 ## - EDITION STATEMENT
Edition statement 5th ed.
260 ## - PUBLICATION, DISTRIBUTION, ETC. (IMPRINT)
Date of publication, distribution, etc. 2006
Name of publisher, distributor, etc. TMH
Place of publication, distribution, etc. New Delhi
300 ## - PHYSICAL DESCRIPTION
Extent xvii, 780
942 ## - ADDED ENTRY ELEMENTS (KOHA)
Koha item type Books
Holdings
Date last seen Total Checkouts Total Renewals Full call number Accession number Old discount Date checked out Price effective from Category Lost status Damaged status Department Withdrawn status Permanent Location Current Location Shelving location Entry date Grants Currency symbol Conversion rate Discount Discount type
26/01/2024     620.112 BEE;44 92058     26/01/2024 Books     Central Library   Central Library Central Library Central Library 13/06/2018 DONATED RS 1   Rupees
26/01/2024     620.112 BEE;45 92147     26/01/2024 Books         Central Library Central Library Central Library 11/09/2018 DONATED RS 1   Rupees
26/01/2024     620.112 BEE;46 93152     26/01/2024 Books     Central Library   Central Library Central Library Central Library 30/01/2020 DONATED RS 1   Rupees
30/09/2025 3 6 620.112 BEE;43 91188   18/09/2025 26/01/2024 Books     Central Library   Central Library Lending Library Central Library 10/02/2017 DONATED RS 1   Rupees

© For any Suggestions or Query, please contact the library staff @ librarian@pes.edu or Phone: +9180 2672 1983/ 2108.